| 000 | 01699cam a22004094a 4500 | ||
|---|---|---|---|
| 001 | 13558948 | ||
| 003 | ARRUPE | ||
| 005 | 20141022140146.0 | ||
| 008 | 040414s2004 caua b 001 0 eng | ||
| 010 | _a 2004008720 | ||
| 020 | _a0804740402 (cloth : alk. paper) | ||
| 020 | _a0804740410 (pbk. : alk. paper) | ||
| 040 |
_aDLC _cDLC _dDLC |
||
| 041 | 1 |
_aeng _heng |
|
| 042 | _apcc | ||
| 043 | _ae-fr--- | ||
| 050 | 0 | 0 | _aB2430.D484 M3451 2004 |
| 082 | 0 | 0 |
_a194 _222 |
| 100 | 1 |
_aMalabou, Catherine. _95563 |
|
| 240 | 1 | 0 |
_aContre-allée. _lEnglish |
| 245 | 1 | 0 |
_aCounterpath : _btraveling with Jacques Derrida / _cCatherine Malabou and Jacques Derrida ; translated by David Wills. |
| 260 |
_aStanford, Calif. : _bStanford University Press, _c2004. |
||
| 300 |
_axvi, 330 p. : _bill. ; _c23 cm. |
||
| 440 | 0 |
_aCultural memory in the present _95564 |
|
| 504 | _aIncludes bibliographical references (p. [309]-330) and index. | ||
| 600 | 1 | 0 |
_aDerrida, Jacques. _95565 |
| 600 | 1 | 0 |
_aDerrida, Jacques _xTravel. _95566 |
| 650 | 0 |
_aPhilosophers _zFrance _vBiography. _95567 |
|
| 650 | 0 |
_aCritics _zFrance _vBiography. _95568 |
|
| 700 | 1 |
_aDerrida, Jacques. _95569 |
|
| 856 | 4 | 1 |
_3Table of contents _uhttp://www.loc.gov/catdir/toc/ecip0417/2004008720.html |
| 856 | 4 | 2 |
_3Contributor biographical information _uhttp://www.loc.gov/catdir/enhancements/fy0710/2004008720-b.html |
| 856 | 4 | 2 |
_3Publisher description _uhttp://www.loc.gov/catdir/enhancements/fy0710/2004008720-d.html |
| 906 |
_a7 _bcbc _corignew _d1 _eecip _f20 _gy-gencatlg |
||
| 942 |
_2lcc _cMONOGRAPH |
||
| 999 |
_c119222 _d119222 |
||